[Event "GER-ch U25-B"]
[Site "Willingen"]
[Date "2019.06.11"]
[Round "4"]
[White "Hierl, Johannes"]
[Black "Fricke, Edna Marlene"]
[Result "1-0"]
[WhiteElo "1327"]
[BlackElo "1350"]
[PlyCount "127"]
[EventDate "2019.06.08"]
[EventType "swiss"]
[EventRounds "9"]
[EventCountry "GER"]
[SourceTitle "CBM 191 Extra"]
[Source "ChessBase"]
[SourceDate "2019.09.30"]
[SourceVersion "1"]
[SourceVersionDate "2019.09.30"]
[SourceQuality "1"]

1. d4 d5 2. Bf4 e6 3. e3 Nf6 4. c3 c5 5. Nd2 Bd7 6. Ngf3 Nc6 7. Bd3 h6 8. 0-0 Nh5 9. Bg3 Nxg3 10. hxg3 g5 11. Ne5 Nxe5 12. dxe5 h5 13. f4 g4 14. Kf2 c4 15. Bc2 Qb6 16. Rb1 Bc5 17. Qe2 Bb5 18. Rfe1 0-0-0 19. Nf1 Rhf8 20. Qd1 d4 21. cxd4 Bxd4 22. Qc1 Bc5 23. b4 cxb3 24. Bxb3 Qc6 25. Qb2 Qe4 26. Bxe6+ fxe6 27. Qxb5 Bb6 28. Rbc1+ Kb8 29. Qc4 Qxe5 30. Ke2 Qd5 31. Qxd5 Rxd5 32. Red1 Rfd8 33. Rxd5 Rxd5 34. Nd2 Rb5 35. Rc2 Ba5 36. Nc4 Rc5 37. Kd3 Bc7 38. Na3 Rxc2 39. Nxc2 Kc8 40. Ke4 Kd7 41. Nd4 Ke7 42. Nb5 Bb8 43. Kd3 Kf6 44. e4 a6 45. e5+ Ke7 46. Nc3 b6 47. Ne4 Kf7 48. Nf6 Kg6 49. Kd4 Bc7 50. Ne8 Bb8 51. Nd6 Bc7 52. Ke4 Bd8 53. f5+ exf5+ 54. Nxf5 b5 55. Nd6 Bb6 56. Kd5 Bf2 57. Ne4 Be1 58. e6 Bb4 59. Nd6 Kf6 60. Ne8+ Kg5 61. Kc6 Be7 62. Nc7 Kf6 63. Kd7 a5 64. Nd5+ 1-0

[Event "GER-chT U20 Girls"]
[Site "Osnabrueck"]
[Date "2018.12.29"]
[Round "6.4"]
[White "Fricke, Edna Marlene"]
[Black "Neumann, Tina"]
[Result "0-1"]
[WhiteElo "1390"]
[BlackElo "1501"]
[PlyCount "72"]
[EventDate "2018.12.27"]
[EventType "team-swiss"]
[EventRounds "7"]
[EventCountry "GER"]
[SourceTitle "CBM 188 Extra"]
[Source "ChessBase"]
[SourceDate "2019.02.26"]
[SourceVersion "1"]
[SourceVersionDate "2019.02.26"]
[SourceQuality "1"]
[WhiteTeam "Lichtenberg Borussia"]
[BlackTeam "Meuselwitz"]
[WhiteTeamCountry "GER"]
[BlackTeamCountry "GER"]

1. e4 d5 2. exd5 Qxd5 3. Nc3 Qa5 4. d4 Nf6 5. Bc4 Bf5 6. Bd2 c6 7. Nf3 e6 8. 0-0 Qc7 9. Re1 Nbd7 10. a4 Bd6 11. Ne2 0-0 12. Ng3 Bg6 13. b4 Nb6 14. Bb3 Nbd5 15. c3 h6 16. Ne5 Bh7 17. Qf3 Nd7 18. Qh5 N5f6 19. Qe2 Nd5 20. Rac1 Nxe5 21. dxe5 Be7 22. Qh5 Bg6 23. Qg4 Rfe8 24. Nh5 Bxh5 25. Qxh5 Bg5 26. Bxg5 hxg5 27. Qxg5 Qe7 28. Qg3 g6 29. h4 Kg7 30. Re4 Rh8 31. Rg4 Rh6 32. Rd1 Rah8 33. Rdd4 Rh5 34. Bc2 R5h6 35. Rg5 Kf8 36. Qf3 Qxg5 0-1

[Event "GER-chT U20 Girls"]
[Site "Osnabrueck"]
[Date "2018.12.27"]
[Round "2.4"]
[White "Fricke, Edna Marlene"]
[Black "Sereda, Yaroslava"]
[Result "0-1"]
[WhiteElo "1390"]
[BlackElo "1570"]
[PlyCount "110"]
[EventDate "2018.12.27"]
[EventType "team-swiss"]
[EventRounds "7"]
[EventCountry "GER"]
[SourceTitle "CBM 188 Extra"]
[Source "ChessBase"]
[SourceDate "2019.02.26"]
[SourceVersion "1"]
[SourceVersionDate "2019.02.26"]
[SourceQuality "1"]
[WhiteTeam "Lichtenberg Borussia"]
[BlackTeam "Solingen SG"]
[WhiteTeamCountry "GER"]
[BlackTeamCountry "GER"]

1. e4 c6 2. d3 d5 3. Nc3 e5 4. f4 exf4 5. Bxf4 dxe4 6. Nxe4 Nf6 7. Qe2 Nxe4 8. Qxe4+ Be6 9. 0-0-0 Bd6 10. Re1 Qc7 11. g3 Nd7 12. Bh3 Nc5 13. Qd4 0-0-0 14. Bxe6+ Nxe6 15. Bxd6 Nxd4 16. Bxc7 Kxc7 17. Nh3 f6 18. Re7+ Rd7 19. Rhe1 Kd6 20. R7e4 c5 21. Nf4 Nc6 22. Ne6 Ne5 23. Nf4 Re8 24. d4 cxd4 25. Rxd4+ Kc6 26. Rxd7 Kxd7 27. Rd1+ Kc6 28. b3 Nf3 29. h3 Re5 30. Kb2 Ng5 31. Rd3 Ne6 32. Nxe6 Rxe6 33. Kc3 Re5 34. Kd2 b5 35. a3 Re4 36. b4 f5 37. Rf3 g6 38. h4 Rd4+ 39. Rd3 Kd5 40. c3 Rxd3+ 41. Kxd3 a6 42. a4 h6 43. axb5 axb5 44. c4+ bxc4+ 45. Kc3 g5 46. b5 Kc5 47. b6 Kxb6 48. Kxc4 Kc6 49. hxg5 hxg5 50. Kd4 Kd6 51. Ke3 Ke5 52. Kf3 Kd4 53. g4 f4 54. Kf2 Ke4 55. Ke2 f3+ 0-1

[Event "GER-chT U14 Girls"]
[Site "Neumuenster"]
[Date "2017.12.29"]
[Round "6.1"]
[White "Fricke, Edna Marlene"]
[Black "Karlinger De la Quintana, Ainhoa"]
[Result "0-1"]
[WhiteElo "1493"]
[BlackElo "1354"]
[PlyCount "46"]
[EventDate "2017.12.26"]
[EventType "team-swiss"]
[EventRounds "7"]
[EventCountry "GER"]
[SourceTitle "CBM 182 Extra"]
[Source "ChessBase"]
[SourceDate "2018.02.23"]
[SourceVersion "1"]
[SourceVersionDate "2018.02.23"]
[SourceQuality "1"]
[WhiteTeam "Friedrichshagen"]
[BlackTeam "Vaterstetten"]
[WhiteTeamCountry "GER"]
[BlackTeamCountry "GER"]

1. e4 e6 2. d3 d5 3. Nd2 Nf6 4. g3 Be7 5. Bg2 dxe4 6. dxe4 0-0 7. Ngf3 c5 8. 0-0 Nc6 9. Re1 Bd7 10. e5 Nd5 11. h4 Qc7 12. Nc4 Rfd8 13. Ne3 Nb6 14. Ng4 Bf8 15. h5 h6 16. Re4 Ne7 17. Bd2 Bc6 18. Re2 Nf5 19. Qc1 Bxf3 20. Bxf3 Nd4 21. Re3 Nc4 22. Be4 Nxe3 23. Bxe3 Ne2+ 0-1

[Event "GER-chT U14 Girls"]
[Site "Neumuenster"]
[Date "2017.12.27"]
[Round "2.1"]
[White "Fricke, Edna Marlene"]
[Black "Becker, Linda"]
[Result "1/2-1/2"]
[WhiteElo "1493"]
[BlackElo "1280"]
[PlyCount "69"]
[EventDate "2017.12.26"]
[EventType "team-swiss"]
[EventRounds "7"]
[EventCountry "GER"]
[SourceTitle "CBM 182 Extra"]
[Source "ChessBase"]
[SourceDate "2018.02.23"]
[SourceVersion "1"]
[SourceVersionDate "2018.02.23"]
[SourceQuality "1"]
[WhiteTeam "Friedrichshagen"]
[BlackTeam "Porz SG"]
[WhiteTeamCountry "GER"]
[BlackTeamCountry "GER"]

1. e4 e6 2. d3 d5 3. Nd2 c5 4. g3 Nf6 5. Bg2 Be7 6. Ngf3 Nc6 7. 0-0 0-0 8. Re1 h6 9. e5 Nd7 10. Nf1 b5 11. h4 Qb6 12. a3 a5 13. N1h2 c4 14. d4 b4 15. a4 Re8 16. Bf4 f6 17. h5 fxe5 18. dxe5 Bc5 19. Ng4 Nd4 20. Nh4 Nf5 21. Nxf5 exf5 22. Bxd5+ Kh8 23. Bxa8 fxg4 24. Qd2 c3 25. bxc3 bxc3 26. Qe2 Ba6 27. Qxg4 Bxf2+ 28. Kg2 Bxe1 29. Rxe1 Bb7+ 30. Bxb7 Qxb7+ 31. Kh2 Nc5 32. Bc1 Qd5 33. e6 Rxe6 34. Rxe6 Qxe6 35. Qxe6 1/2-1/2

[Event "GER-ch U16 Girls"]
[Site "Willingen"]
[Date "2017.06.09"]
[Round "8"]
[White "Fricke, Edna Marlene"]
[Black "Reinecke, Katharina"]
[Result "0-1"]
[WhiteElo "1264"]
[BlackElo "1818"]
[PlyCount "74"]
[EventDate "2017.06.04"]
[EventType "swiss"]
[EventRounds "9"]
[EventCountry "GER"]
[SourceTitle "CBM 178 Extra"]
[Source "ChessBase"]
[SourceDate "2017.06.22"]
[SourceVersion "1"]
[SourceVersionDate "2017.06.22"]
[SourceQuality "1"]

1. e4 c6 2. d4 d5 3. exd5 cxd5 4. Bd3 Nc6 5. c3 Qc7 6. Be3 Nf6 7. Nd2 Bg4 8. Qb3 e6 9. Ngf3 Be7 10. g3 0-0 11. Bf4 Qc8 12. h3 Bh5 13. g4 Bg6 14. Bxg6 hxg6 15. Bg3 a6 16. Ne5 b5 17. 0-0 Na5 18. Qc2 Rd8 19. Rac1 Nc4 20. Kg2 Qb7 21. Rfe1 Rac8 22. f4 Nxd2 23. Qxd2 b4 24. Qd3 bxc3 25. bxc3 Ne4 26. c4 Nxg3 27. Kxg3 dxc4 28. Rxc4 Rxc4 29. Qxc4 Bf6 30. g5 Bxe5 31. dxe5 Rd2 32. Re2 Rd1 33. Qa4 Rd3+ 34. Kh2 Qf3 35. Qe4 Qxh3+ 36. Kg1 Qg3+ 37. Kf1 Rf3+ 0-1

[Event "GER-ch U16 Girls"]
[Site "Willingen"]
[Date "2017.06.08"]
[Round "7"]
[White "Mundt, Alexandra"]
[Black "Fricke, Edna Marlene"]
[Result "1/2-1/2"]
[WhiteElo "1580"]
[BlackElo "1264"]
[PlyCount "65"]
[EventDate "2017.06.04"]
[EventType "swiss"]
[EventRounds "9"]
[EventCountry "GER"]
[SourceTitle "CBM 178 Extra"]
[Source "ChessBase"]
[SourceDate "2017.06.22"]
[SourceVersion "1"]
[SourceVersionDate "2017.06.22"]
[SourceQuality "1"]

1. e4 c5 2. Nf3 Nc6 3. c3 g6 4. d4 cxd4 5. cxd4 d6 6. h3 Bg7 7. Nc3 e6 8. Be3 Nge7 9. Be2 0-0 10. 0-0 a6 11. Qd2 d5 12. exd5 Nxd5 13. Rac1 Qd6 14. Ne4 Qc7 15. Bh6 Rd8 16. Bxg7 Kxg7 17. Ne5 f6 18. Nxc6 bxc6 19. Ng3 f5 20. Bf3 Qd6 21. Rfd1 Bb7 22. Qg5 Kf7 23. Qh6 Nf6 24. h4 Qf8 25. Qxf8+ Kxf8 26. Bxc6 Bxc6 27. Rxc6 Kf7 28. Ne2 Nd5 29. Nc3 a5 30. Nxd5 Rxd5 31. Rc5 Rad8 32. Rc7+ Kg8 33. Kf1 1/2-1/2

[Event "Regionalliga Ost 1617 (Women)"]
[Site "Germany"]
[Date "2017.02.12"]
[Round "4.4"]
[White "Fricke, Edna Marlene"]
[Black "Radde, Christina"]
[Result "0-1"]
[WhiteElo "1376"]
[BlackElo "1590"]
[PlyCount "82"]
[EventDate "2016.10.23"]
[EventType "team-tourn"]
[EventRounds "5"]
[EventCountry "GER"]
[SourceTitle "EXT 2018"]
[Source "ChessBase"]
[SourceDate "2017.10.13"]
[SourceVersion "1"]
[SourceVersionDate "2017.10.13"]
[SourceQuality "1"]
[WhiteTeam "Berlin Friedrichshagen (W)"]
[BlackTeam "Merseburg (W)"]
[WhiteTeamCountry "GER"]
[BlackTeamCountry "GER"]

1. e4 c6 2. d4 d5 3. exd5 cxd5 4. Nf3 Nf6 5. Bf4 Bg4 6. h3 Bh5 7. Be2 e6 8. Nbd2 Nc6 9. c3 Be7 10. Ne5 Bxe2 11. Qxe2 0-0 12. Ndf3 Ne4 13. Nd2 Nxe5 14. dxe5 Bc5 15. Nxe4 dxe4 16. Qxe4 Qb6 17. 0-0 Qxb2 18. Rab1 Qxa2 19. Qxb7 Bb6 20. Rbc1 Rab8 21. Qe4 Rfc8 22. Be3 Rc4 23. Qd3 Rd8 24. Qc2 Qxc2 25. Rxc2 Bxe3 26. fxe3 Rd3 27. Ra2 Rc7 28. Rb2 g6 29. Rb8+ Kg7 30. e4 Rdxc3 31. Ra1 R3c5 32. Ra8 Rxe5 33. R1xa7 Rxa7 34. Rxa7 Rxe4 35. Re7 Rf4 36. Kh2 Kf6 37. Rc7 g5 38. Rc3 Kg6 39. Rf3 Rxf3 40. gxf3 Kf5 41. Kg3 h5 0-1

[Event "GER-chT U14 Girls"]
[Site "Duesseldorf"]
[Date "2016.12.28"]
[Round "4.2"]
[White "Fricke, Edna Marlene"]
[Black "Wagner, Anna"]
[Result "0-1"]
[WhiteElo "1274"]
[BlackElo "1133"]
[PlyCount "64"]
[EventDate "2016.12.27"]
[EventType "team-swiss"]
[EventRounds "7"]
[EventCountry "GER"]
[SourceTitle "EXT 2018"]
[Source "ChessBase"]
[SourceDate "2017.10.13"]
[SourceVersion "1"]
[SourceVersionDate "2017.10.13"]
[SourceQuality "1"]
[WhiteTeam "Friedrichshagen"]
[BlackTeam "Endingen"]
[WhiteTeamCountry "GER"]
[BlackTeamCountry "GER"]

1. e4 c6 2. d4 d5 3. exd5 cxd5 4. Bd3 Nc6 5. c3 e6 6. Bf4 Nf6 7. Nf3 Bd6 8. Bxd6 Qxd6 9. Nbd2 e5 10. Qc2 e4 11. Bxe4 dxe4 12. Nxe4 Nxe4 13. Qxe4+ Qe7 14. Qxe7+ Nxe7 15. 0-0 0-0 16. Rfd1 Bg4 17. Rd3 Bxf3 18. Rxf3 Ng6 19. Rd1 Rad8 20. d5 Rfe8 21. c4 b5 22. c5 Rxd5 23. Rc1 Rxc5 24. Rd1 Rec8 25. g3 Rc1 26. Rxc1 Rxc1+ 27. Kg2 Rc2 28. Rb3 a6 29. Rb4 Kf8 30. a3 Ne5 31. Rb3 Nc4 32. Rd3 Rxb2 0-1

[Event "GER-chT U14 Girls"]
[Site "Magdeburg"]
[Date "2015.12.27"]
[Round "2.1"]
[White "Fricke, Edna Marlene"]
[Black "Kunisch, Nina"]
[Result "0-1"]
[WhiteElo "998"]
[BlackElo "1513"]
[PlyCount "58"]
[EventDate "2015.12.27"]
[EventType "team-swiss"]
[EventRounds "7"]
[EventCountry "GER"]
[SourceTitle "EXT 2017"]
[Source "ChessBase"]
[SourceDate "2016.10.25"]
[SourceVersion "1"]
[SourceVersionDate "2016.10.25"]
[SourceQuality "1"]
[WhiteTeam "Berlin Schachunion"]
[BlackTeam "Neumarkt"]
[WhiteTeamCountry "GER"]
[BlackTeamCountry "GER"]

1. e4 c5 2. Nf3 Nc6 3. d3 g6 4. g3 Bg7 5. Bg2 Nf6 6. 0-0 0-0 7. Re1 d5 8. Nbd2 dxe4 9. dxe4 Bg4 10. h3 Be6 11. c4 a5 12. Rb1 Qc7 13. b3 Rfd8 14. Qe2 a4 15. Rd1 Nb4 16. a3 Nc2 17. Nf1 axb3 18. Rxd8+ Rxd8 19. Rxb3 Nd4 20. Nxd4 cxd4 21. Bb2 Bxc4 22. Qc2 d3 23. Qc3 d2 24. Nxd2 Rxd2 25. Rb4 Rd1+ 26. Kh2 b5 27. Rxb5 Ng4+ 28. hxg4 Bxc3 29. Bxc3 Bxb5 0-1

[Event "GER-ch U12"]
[Site "Magdeburg"]
[Date "2014.06.11"]
[Round "6"]
[White "Fricke, Edna Marlene"]
[Black "Svane, Freja"]
[Result "1/2-1/2"]
[WhiteElo "1081"]
[BlackElo "1031"]
[PlyCount "83"]
[EventDate "2014.06.08"]
[EventType "swiss"]
[EventRounds "11"]
[EventCountry "GER"]
[SourceTitle "CBM 160 Extra"]
[Source "ChessBase"]
[SourceDate "2014.07.01"]
[SourceVersion "1"]
[SourceVersionDate "2014.07.01"]
[SourceQuality "1"]

1. e4 e6 2. d4 d5 3. exd5 exd5 4. Bd3 Bd6 5. Nf3 Bg4 6. 0-0 Nf6 7. Re1+ Be7 8. h3 Be6 9. Bf4 0-0 10. b3 Bd6 11. Bxd6 Qxd6 12. Nbd2 Nbd7 13. c4 Rfe8 14. Kf1 Nf8 15. Kg1 Ng6 16. Ng5 Nf4 17. Bc2 Qd7 18. Nxe6 Rxe6 19. Rxe6 Qxe6 20. Qf3 Ne2+ 21. Kf1 Nxd4 22. Qd3 Nxc2 23. Qxc2 dxc4 24. Nxc4 Qe4 25. Qxe4 Nxe4 26. Re1 Nd6 27. Nxd6 cxd6 28. Re7 Kf8 29. Rxb7 Ke8 30. a4 d5 31. Rc7 d4 32. Ke2 a5 33. Kd3 Rd8 34. Rc4 Rb8 35. Rxd4 Rxb3+ 36. Ke2 Rb2+ 37. Ke3 Ke7 38. g4 Ke6 39. f4 Rb6 40. Re4+ Kf6 41. Kf3 Re6 42. Ke3 1/2-1/2